00504nam a2200193 a 4500001001300000003000900013005001700022008004100039020002200080082001900102100002000121245003700141260003700178300000900215500003500224505001000259650001900269650002200288nice12345678IN_TiNIC20260116013253.0050524s1993 enga grp 000 0 eng  a8171092 c9600a266.00954bKAV aKavunkal, Jacob aBible and Mission in India Today aEngland bSt. Pauls Pubs. c1993 a336p aincludes index and biblioraphy2 aIndex aMissions-India aEvangelistic Work